Pracovný trh v Európe z pohľadu zamestnaných Slovákov diplomová práca

Salvato in:
Dettagli Bibliografici
Autore principale: Hrklová, Dominika
Ente Autore: Fakulta medzinárodných vzťahov EU. Katedra medzinárodných politických vzťahov
Altri autori: Štefancová, Viera
Natura: Libro
Lingua:slovacco
Pubblicazione: Bratislava 2018
Tags: Aggiungi Tag
Nessun Tag, puoi essere il primo ad aggiungerne!!

MARC

LEADER 00000nbm a2200000 4500
001 0244480
005 20180806120233.6
041 0 |a slo 
044 |a SK 
245 1 0 |a Pracovný trh v Európe z pohľadu zamestnaných Slovákov  |b diplomová práca  |c Dominika Hrklová ; školiteľ: Viera Štefancová 
264 1 |a Bratislava  |c 2018 
300 |a 80 s. 
100 1 |a Hrklová, Dominika 
700 1 |a Štefancová, Viera 
710 2 |a Fakulta medzinárodných vzťahov EU. Katedra medzinárodných politických vzťahov